Tablas para replanteo de arcos circulares: por el método del ángulo y la cuerda

Збережено в:
Бібліографічні деталі
Автор: Weber, Walter (Автор)
Формат: Книга
Мова:Іспанська
Опубліковано: Barcelona Gustavo Gili 1968
Предмети:
Теги: Додати тег
Немає тегів, Будьте першим, хто поставить тег для цього запису!

MARC

LEADER 00000nam a2200000 a 4500
001 UCU6283
003 CL-VaPUC
008 960614e19680000SP |||||||||||||||||spa|d
082 0 4 |a 625.888  |b WEB  |2 21 
100 0 |a Weber, Walter  |e author  |9 364482 
245 1 0 |a Tablas para replanteo de arcos circulares: por el método del ángulo y la cuerda 
300 |a 229 p 
942 |c BK 
945 |d 19960614 00:00:00  |a paguirre 
260 |a Barcelona  |b Gustavo Gili  |c 1968 
650 0 |a Arcos   |9 271658 
650 0 |a Estructuras  |9 271908 
650 0 |a Carreteras  |9 260132 
650 0 |a Construcción de carreteras  |9 260999 
650 0 |a Formas estructurales  |9 363772 
583 |a last modification  |c 19960614 00:00:00  |k Rodrigo Vera 
999 |c 249285  |d 249283 
952 |0 0  |1 0  |4 0  |6 625_888000000000000_WEB_1968  |7 0  |8 A  |9 266464  |a BIBING  |b BIBING  |d 2019-11-19  |i 1685740  |o 625.888 WEB 1968  |p 1685740  |r 2023-03-02  |w 2019-11-19  |y BK  |k CCL 
952 |0 0  |1 0  |4 0  |6 625_888000000000000_WEB_1968  |7 0  |8 A  |9 266465  |a BIBING  |b BIBING  |d 2019-11-19  |i 1685821  |o 625.888 WEB 1968  |p 1685821  |r 2023-03-02  |w 2019-11-19  |y BK  |k CCL